stranger - Olivia Rodrigo (All Lyrics) - Statistics

General Stats
  • This quiz has been taken 60 times
  • The average score is 370 of 401
Answer Stats
Lyrics % Correct
a
100%
can't
100%
I
100%
know
100%
my
100%
stranger
100%
the
100%
The
100%
you
100%
you,
100%
You
100%
your
100%
about,
97%
about
97%
and
97%
And
97%
bed
97%
do
97%
ever
97%
everything
97%
feel
97%
for
97%
guy
97%
happen
97%
happen?
97%
How
97%
in
97%
just
97%
me
97%
no
97%
of
97%
so
97%
some
97%
straight
97%
that
97%
up
97%
woke
97%
You're
97%
you're
97%
all
94%
But
94%
but
94%
chest
94%
complete
94%
did
94%
doing
94%
had
94%
hope
94%
I'm
94%
it
94%
mornin'
94%
myself
94%
not
94%
now
94%
off
94%
Oh,
94%
over
94%
really
94%
sat
94%
stuff
94%
thing
94%
this
94%
to
94%
weight
94%
without
94%
cried
92%
cried,
92%
feeling
92%
felt
92%
half
92%
love
92%
million
92%
nice,
92%
nice
92%
that's
92%
was
92%
coffee
89%
cup
89%
day
89%
end
89%
go
89%
happy,
89%
I'll
89%
left
89%
mad,
89%
made
89%
Made
89%
nothin'
89%
rivers
89%
strangest
89%
always
86%
because
86%
best
86%
even
86%
far
86%
imagine
86%
life
86%
poured
86%
remember
86%
since
86%
There's
86%
time
86%
am
83%
enough
83%
feels
83%
out
83%
think
83%
what
83%
Yeah,
83%
anymore,
81%
are
81%
babe,
81%
comforting
81%
doesn't
81%
hadn't
81%
hopeful
81%
if
81%
matter
81%
pot
81%
sleep
81%
whole
81%
win
81%
fought
78%
get
78%
girl
78%
lose
78%
ooh,
78%
ooh
78%
stay,
78%
though
78%
'til
78%
battles,
75%
'Cause
75%
everybody
75%
God
75%
knows
75%
lie
75%
told
75%
try
75%
believed
72%
keep
72%
screamed,
72%
would
72%
burn
69%
fire
69%
things
69%
thought
69%
loved
67%
storm
64%
sing
61%
clouds
58%
mean,
58%
subside
56%
Like,
53%
ya
53%
youhad
33%
No matching quizzes found
Score Distribution
Percent of People with Each Score
Percentile by Number Answered
Your Score History
You have not taken this quiz